Body Systems - Reproductive🤮 - Statistics

General Stats
  • This quiz has been taken 29 times
    16 since last reset
  • The average score is 3 of 7
Answer Stats
Answer % Correct
Penis
100%
Vagina
78%
Sperm
56%
Egg
44%
Ovaries
33%
Testes
22%
Breasts
11%
No matching quizzes found
Score Distribution
Percent of People with Each Score
Percentile by Number Answered
Your Score History
You have not taken this quiz since the last reset